[Event "Governor's Cup 2nd"]
[Site "Kramatorsk"]
[Date "2001.11.16"]
[Round "1"]
[White "Efimenko, Zahar"]
[Black "Karjakin, Sergey"]
[Result "1-0"]
[WhiteElo "2523"]
[BlackElo "2388"]
[Annotator "Lukacs,P"]
[PlyCount "85"]
[EventDate "2001.11.16"]
[EventType "tourn"]
[EventRounds "14"]
[EventCountry "UKR"]
[EventCategory "10"]
[SourceTitle "CBM 086"]
[Source "ChessBase"]
[SourceDate "2002.02.05"]
[SourceVersion "1"]
[SourceVersionDate "2002.02.05"]
[SourceQuality "1"]

1. e4 c6 2. d4 d5 3. Nc3 dxe4 4. Nxe4 Nd7 5. Ng5 Ndf6 {This is a somewhat
sophysticated way to finish the development.} (5... Ngf6 {is more popular.}) 6.
Bc4 e6 7. N1f3 (7. Qe2 {/\ Bd2, 0-0-0} Bd6 (7... Qxd4 $6 {loses too many tempi
for the P.} 8. N1f3 Qd8 9. Nxf7 $5 Kxf7 10. Ng5+ Ke8 11. Nxe6 Bxe6 12. Bxe6 Be7
13. O-O $44 {and the black K remains in the middle.}) 8. Bd2 (8. N1f3 h6 9. Nh3
Ne7 {- 7.N1f3}) 8... Qc7 9. O-O-O {- Shirov-Ivanchuk, Linares 1998 CBM 64})
7... h6 8. Nh3 Bb4+ {This helps also for White to finish his development
quickly.} (8... Bd6 $142 9. Qe2 (9. Nf4 c5 10. dxc5 Qa5+ 11. c3 Qxc5 12. Qd3
Qc7 13. Ne2 {The N had a long journey.} Ne7 14. Bb5+ Bd7 15. Bxd7+ Qxd7 16. Bf4
Bxf4 17. Qxd7+ Nxd7 18. Nxf4 e5 19. Ne2 Nc6 $11 {Wach-Casagrande, AUT-ch
Austria 1993}) 9... Ne7 10. Bd2 (10. O-O O-O 11. Ne5 Bxe5 12. Qxe5 (12. dxe5 $5
{looks more to the point.}) 12... Ng6 13. Qe3 e5 14. dxe5 Ng4 15. Qg3 N4xe5 {
and White's [+] has vanished.} 16. Bb3 a5 17. Nf4 Qf6 18. a4 Re8 19. Bd2 Nxf4
20. Bxf4 Ng6 21. Bd2 Be6 $11 {Zuidema-Flesch, Belgrade 1964}) (10. Nf4 O-O (
10... Qc7 11. Nd3 (11. g3 Ned5 12. Nd3 O-O 13. O-O b6 14. Bb3 c5 15. c4 Ne7 16.
dxc5 bxc5 17. Bf4 Bxf4 18. Nxf4 Bb7 {The B is extremely strong on the long /^.}
19. Nd3 Rad8 $13 {Delgado Crespo-Piankov, Linares Anibal op 7th 2000})) (10...
c5 11. dxc5 Qa5+ 12. Bd2 Qxc5 13. O-O-O {White has castled long, which is
usually an achievement for her.} Bd7 14. Bb3 Qc7 15. Nd3 Nc6 16. g4 $5 O-O-O
17. Rhg1 Nd5 18. Kb1 $14 {Arakhamia-Ledger, 1991}) 11. O-O b6 12. Re1 (12. Nd3
$5) 12... c5 (12... Bb7 13. Nd3) 13. dxc5 bxc5 14. Ne5 Ned5 $13) (10. Ne5 $5 {
Stohl}) 10... Qc7 11. O-O-O b5 12. Bd3 a6 {/\ Bb7, c5} 13. Rhe1 Bb7 14. g3 c5
15. dxc5 Qxc5 $132 {Huebner-Karpov, Belfort WCup 1988}) 9. Bd2 Bxd2+ $2 {
[%mdl 16384] Continuing the wrong plan. Now the dark squares become weak, and
the c8 B is still in passivity.} (9... Bd6 $142 {was still better}) 10. Qxd2
Ne7 (10... Ne4 11. Qe3 Ngf6 12. O-O-O $14) 11. O-O-O O-O 12. Rhg1 $1 {/\ g4-g5
is the signal for an -> with opposite castled kings.} Ned5 (12... b6 13. g4 $1
b5 14. Bb3 $40) 13. Bd3 (13. Ne5 $14 {was also promising.}) 13... Ng4 {
fighting against g2-g4 by all means.} 14. Ne5 Qh4 (14... Nxe5 15. dxe5 Qe7 16.
g4 $1 $40) 15. c4 Nxe5 (15... Ne7 16. Qf4 $16) 16. dxe5 Ne7 (16... Nb6 17. f4
$16) 17. f4 Nf5 18. Be4 {The c8 B had no chance yet to join the army!} c5 19.
Nf2 Nd4 20. Nd3 Qxh2 {The h2 P is Danae's gift.} 21. Kb1 Qg3 $2 (21... Qh4 22.
Nxc5 Rd8 23. Rh1 Qe7 24. Nb3 Nc6 25. Qe3 $16) 22. Rh1 $1 Rb8 23. Nf2 $6 {
This allows Black's counterplay.} (23. Nxc5 b6 24. Nd7 Bxd7 25. Qxd4 Rbd8 26.
Ka1 $14 {with a nasty pin on the d <->.}) (23. Rh3 $1 {was the strongest blow,
for example:} Qg4 24. Re1 (24. Nf2 Qe2) 24... f5 25. exf6 Rxf6 26. Nxc5 $18)
23... f5 $1 (23... b6 24. Rh3 $18) 24. exf6 (24. Rh3 Qg6) 24... e5 $2 {Black
unnecessarily complicates matters.} ({The natural} 24... Rxf6 {was required.}
25. Nd3 (25. Qa5 b6 26. Qxa7 Qxf4 $17) 25... b6 26. Rh3 Qg4 27. Rdh1 Qe2 $13)
25. Nd3 exf4 26. fxg7 Qxg7 (26... Kxg7 27. Nxc5 $18) 27. Nxc5 $18 {Now White
is winning material, and Black hasn't finished the development of the <<.} Nf5
28. Qxf4 Qg3 (28... Ra8 29. Bd5+ Kh7 30. Rdf1 $18) 29. Qxg3+ Nxg3 30. Bd5+ (30.
Rxh6 $2 {runs into the pin after} Nxe4 31. Nxe4 Bf5 32. Re1 Rbe8) 30... Kg7 31.
Rhe1 b6 32. Ne6+ Bxe6 {This was the first and last B move!} 33. Rxe6 {The _|_
is completely lost for Black.} Rbe8 34. Rde1 Rxe6 35. Rxe6 Rf7 36. a4 Nf5 37.
Ka2 Rf6 38. Re8 a5 39. Ka3 h5 40. b4 Rd6 41. bxa5 bxa5 42. Ra8 Ne3 43. Rxa5 1-0

[Event "UKR-ch U20"]
[Site "Kramatorsk"]
[Date "2002.03.??"]
[Round "2"]
[White "Karjakin, Sergey"]
[Black "Kovchan, Alexander"]
[Result "1/2-1/2"]
[WhiteElo "2460"]
[BlackElo "2507"]
[PlyCount "97"]
[EventDate "2002.03.??"]
[EventType "tourn"]
[EventRounds "13"]
[EventCountry "UKR"]
[EventCategory "4"]
[SourceTitle "EXT 2003"]
[Source "ChessBase"]
[SourceDate "2002.11.25"]
[SourceVersion "1"]
[SourceVersionDate "2002.11.25"]
[SourceQuality "1"]

1. e4 c5 2. Nf3 d6 3. d4 cxd4 4. Nxd4 Nf6 5. Nc3 a6 6. Be2 e5 7. Nb3 Be7 8. O-O
O-O 9. Kh1 Nc6 10. f4 b5 11. Bf3 Na5 12. Nxa5 Qxa5 13. Qe1 Qc7 14. a3 Bb7 15.
Qg3 Kh8 16. Be3 Rac8 17. Rae1 Qb8 18. Qh3 a5 19. Rf2 b4 20. axb4 axb4 21. Nd5
Nxd5 22. exd5 f5 23. Bh5 Kg8 24. fxe5 dxe5 25. Rxf5 Bxd5 26. Rxf8+ Bxf8 27. Bf3
Bxf3 28. Qxf3 Rxc2 29. Bd4 Qb5 30. Rf1 Qxf1+ 31. Qxf1 exd4 32. g3 Rc7 33. Kg2
g6 34. Qd3 Rf7 35. Qxd4 h5 36. Qd5 Kg7 37. h3 Be7 38. Qc4 Bf8 39. g4 hxg4 40.
hxg4 Be7 41. Qd4+ Kg8 42. Kg3 Bf8 43. g5 Rf5 44. Qd8 Kf7 45. Qc7+ Be7 46. Qc4+
Kf8 47. Qc8+ Kg7 48. Qe6 Rxg5+ 49. Kh3 1/2-1/2

[Event "UKR-ch U20"]
[Site "Kramatorsk"]
[Date "2002.03.??"]
[Round "3"]
[White "Yarmysty, Mikhail"]
[Black "Karjakin, Sergey"]
[Result "0-1"]
[WhiteElo "2171"]
[BlackElo "2460"]
[PlyCount "132"]
[EventDate "2002.03.??"]
[EventType "tourn"]
[EventRounds "13"]
[EventCountry "UKR"]
[EventCategory "4"]
[SourceTitle "EXT 2003"]
[Source "ChessBase"]
[SourceDate "2002.11.25"]
[SourceVersion "1"]
[SourceVersionDate "2002.11.25"]
[SourceQuality "1"]

1. e4 c5 2. Nc3 a6 3. a4 d6 4. f4 Nc6 5. Nf3 Nf6 6. g3 Bg4 7. Bg2 e6 8. h3 Bxf3
9. Bxf3 Be7 10. d3 h5 11. O-O h4 12. g4 Nd7 13. g5 g6 14. Bg4 Nd4 15. Be3 f5
16. gxf6 Nxf6 17. Rf2 Qd7 18. a5 Rg8 19. Na4 Bd8 20. b4 Nf5 21. Bd2 c4 22. Bf3
Ng3 23. e5 Nfh5 24. exd6 Qxd6 25. dxc4 Bf6 26. c3 Rg7 27. Be3 Qc7 28. Nc5 Rd8
29. Qa4+ Kf7 30. Rd1 Nf5 31. Rxd8 Qxd8 32. Rd2 Qb8 33. Qd7+ Kg8 34. Qxe6+ Kh8
35. Nd7 Qc8 36. Bxb7 Qxb7 37. Nxf6 Nxf6 38. Qxf6 Qf3 39. Bd4 Kh7 40. Qf8 Nxd4
41. cxd4 Qe3+ 42. Rf2 Re7 43. Qc8 Qe1+ 44. Kg2 Re3 45. Qc7+ Kh6 46. f5 Rg3+ 47.
Qxg3 hxg3 48. Kxg3 gxf5 49. b5 f4+ 50. Kg2 Qe4+ 51. Kh2 Qxd4 52. Kg2 Qe4+ 53.
Kh2 Qe3 54. Kg2 Qg3+ 55. Kf1 Qxh3+ 56. Kg1 Qg3+ 57. Kf1 Qd3+ 58. Kg2 Qxc4 59.
bxa6 Kg5 60. a7 Qa6 61. Rf1 Qxa5 62. Rf2 Qxa7 63. Rf1 Kg4 64. Rf2 f3+ 65. Kg1
Kg3 66. Kh1 Kxf2 0-1

[Event "UKR-ch U20"]
[Site "Kramatorsk"]
[Date "2002.03.??"]
[Round "7"]
[White "Efimenko, Zahar"]
[Black "Karjakin, Sergey"]
[Result "1/2-1/2"]
[WhiteElo "2546"]
[BlackElo "2460"]
[PlyCount "127"]
[EventDate "2002.03.??"]
[EventType "tourn"]
[EventRounds "13"]
[EventCountry "UKR"]
[EventCategory "4"]
[SourceTitle "EXT 2003"]
[Source "ChessBase"]
[SourceDate "2002.11.25"]
[SourceVersion "1"]
[SourceVersionDate "2002.11.25"]
[SourceQuality "1"]

1. e4 e5 2. Nf3 Nc6 3. Bb5 a6 4. Ba4 Nf6 5. O-O b5 6. Bb3 Bc5 7. c3 d6 8. a4
Rb8 9. d3 h6 10. Be3 O-O 11. Bxc5 dxc5 12. Qe2 Re8 13. axb5 axb5 14. Nbd2 Be6
15. Bc2 Nd7 16. Rfd1 Qe7 17. Nf1 Nb6 18. Ne3 Ra8 19. Nf5 Qf6 20. Qe3 Nd7 21. g4
Ne7 22. h3 Ng6 23. Kh2 Nf4 24. Nxe5 Qxe5 25. d4 Nd5+ 26. dxe5 Nxe3 27. Nxe3 g5
28. Kg3 Nxe5 29. f4 gxf4+ 30. Kxf4 Ng6+ 31. Kg3 Ne5 32. h4 b4 33. Nd5 Bxd5 34.
exd5 Nc4 35. Rxa8 Rxa8 36. cxb4 cxb4 37. Rd4 Nxb2 38. Rxb4 Ra3+ 39. Kf4 Nd3+
40. Bxd3 Rxd3 41. Ke5 Rc3 42. Kf6 Rf3+ 43. Ke7 Rd3 44. Rb5 Rc3 45. Kf6 Rc4 46.
Rb8+ Kh7 47. Rf8 Rf4+ 48. Ke5 Rf1 49. Rc8 Rc1 50. Kf6 Rf1+ 51. Ke7 Rd1 52. Kxf7
Rxd5 53. Rxc7 Rd6 54. Re7 Rg6 55. Re4 Ra6 56. Rf4 Rg6 57. Ke7 Kg7 58. Rd4 Kg8
59. Re4 Kg7 60. Rf4 Kg8 61. h5 Rg7+ 62. Kf6 Rg5 63. Re4 Kh7 64. Kf7 1/2-1/2

[Event "UKR-ch U20"]
[Site "Kramatorsk"]
[Date "2002.03.??"]
[Round "8"]
[White "Karjakin, Sergey"]
[Black "Gasanov, Eldar"]
[Result "1/2-1/2"]
[WhiteElo "2460"]
[BlackElo "2454"]
[PlyCount "88"]
[EventDate "2002.03.??"]
[EventType "tourn"]
[EventRounds "13"]
[EventCountry "UKR"]
[EventCategory "4"]
[SourceTitle "EXT 2003"]
[Source "ChessBase"]
[SourceDate "2002.11.25"]
[SourceVersion "1"]
[SourceVersionDate "2002.11.25"]
[SourceQuality "1"]

1. e4 c5 2. Nf3 Nc6 3. d4 cxd4 4. Nxd4 Qb6 5. Nb3 Nf6 6. Nc3 e6 7. a3 Qc7 8.
Be3 a6 9. f4 d6 10. Bd3 b5 11. Qf3 Bb7 12. O-O Be7 13. Qh3 O-O 14. Kh1 Rab8 15.
Rae1 b4 16. Ne2 bxa3 17. bxa3 e5 18. Ng3 exf4 19. Bxf4 Ne5 20. Nf5 Kh8 21. Nxe7
Qxe7 22. Bg5 Qe6 23. Qg3 Nfd7 24. Nd4 Qg6 25. Nf5 f6 26. Bf4 Nc5 27. Nxd6 Ncxd3
28. cxd3 Nxd3 29. Re3 Nxf4 30. Qxf4 Bc6 31. Rg3 Qh5 32. Nf5 Rb7 33. Nxg7 Rxg7
34. Rxg7 Kxg7 35. Qc7+ Rf7 36. Qxc6 Qe2 37. Rc1 Re7 38. Qd6 Rxe4 39. h3 Qf2 40.
Qxa6 Re1+ 41. Rxe1 Qxe1+ 42. Kh2 Qe5+ 43. Kg1 Qe1+ 44. Kh2 Qe5+ 1/2-1/2

[Event "UKR-ch U20"]
[Site "Kramatorsk"]
[Date "2002.03.??"]
[Round "9"]
[White "Truskavetsky, Alexandr"]
[Black "Karjakin, Sergey"]
[Result "0-1"]
[WhiteElo "2284"]
[BlackElo "2460"]
[PlyCount "50"]
[EventDate "2002.03.??"]
[EventType "tourn"]
[EventRounds "13"]
[EventCountry "UKR"]
[EventCategory "4"]
[SourceTitle "EXT 2003"]
[Source "ChessBase"]
[SourceDate "2002.11.25"]
[SourceVersion "1"]
[SourceVersionDate "2002.11.25"]
[SourceQuality "1"]

1. d4 d5 2. c4 e6 3. Nf3 c5 4. cxd5 exd5 5. Nc3 Nc6 6. g3 Nf6 7. Bg2 Be7 8. O-O
O-O 9. Bg5 cxd4 10. Nxd4 h6 11. Be3 Re8 12. Nxc6 bxc6 13. Rc1 Bg4 14. Rc2 Qd7
15. Na4 Bf5 16. Rd2 Ne4 17. Bxe4 Bxe4 18. Nc5 Qh3 19. Nxe4 dxe4 20. Qa4 Bf8 21.
Qxc6 Re5 22. Qd7 Qh5 23. Qb7 Rae8 24. Bxa7 R8e7 25. Rd7 Qh3 0-1

[Event "UKR-ch U20"]
[Site "Kramatorsk"]
[Date "2002.03.??"]
[Round "10"]
[White "Matjushin, Gennady"]
[Black "Karjakin, Sergey"]
[Result "1/2-1/2"]
[WhiteElo "2431"]
[BlackElo "2460"]
[PlyCount "48"]
[EventDate "2002.03.??"]
[EventType "tourn"]
[EventRounds "13"]
[EventCountry "UKR"]
[EventCategory "4"]
[SourceTitle "EXT 2003"]
[Source "ChessBase"]
[SourceDate "2002.11.25"]
[SourceVersion "1"]
[SourceVersionDate "2002.11.25"]
[SourceQuality "1"]

1. Nf3 Nf6 2. c4 g6 3. Nc3 d5 4. cxd5 Nxd5 5. e4 Nxc3 6. dxc3 Qxd1+ 7. Kxd1 Nd7
8. Bf4 c6 9. Kc2 f6 10. Bc4 e5 11. Be3 Bc5 12. Bxc5 Nxc5 13. Nd2 b5 14. Be2 a5
15. f3 Be6 16. Nb3 Nd7 17. Nd2 Ke7 18. a4 Rhb8 19. axb5 cxb5 20. b4 axb4 21.
Rxa8 Rxa8 22. cxb4 Ra2+ 23. Kc3 Ra3+ 24. Kb2 Ra2+ 1/2-1/2

[Event "UKR-ch U20"]
[Site "Kramatorsk"]
[Date "2002.03.??"]
[Round "11"]
[White "Karjakin, Sergey"]
[Black "Shkuro, Iuri"]
[Result "1-0"]
[WhiteElo "2460"]
[BlackElo "2247"]
[PlyCount "119"]
[EventDate "2002.03.??"]
[EventType "tourn"]
[EventRounds "13"]
[EventCountry "UKR"]
[EventCategory "4"]
[SourceTitle "EXT 2003"]
[Source "ChessBase"]
[SourceDate "2002.11.25"]
[SourceVersion "1"]
[SourceVersionDate "2002.11.25"]
[SourceQuality "1"]

1. e4 c5 2. Nf3 d6 3. d4 cxd4 4. Nxd4 Nf6 5. Nc3 g6 6. Be3 Bg7 7. f3 O-O 8. Qd2
Nc6 9. Bc4 Bd7 10. O-O-O Rc8 11. Bb3 Nxd4 12. Bxd4 b5 13. Nd5 Nxd5 14. Bxg7
Kxg7 15. exd5 a5 16. a3 Rb8 17. h4 h6 18. Qd4+ f6 19. Rhe1 Rf7 20. h5 Qb6 21.
hxg6 Qxd4 22. Rxd4 Kxg6 23. c3 f5 24. Bc2 Kg7 25. b4 axb4 26. axb4 Kf6 27. Rh4
Kg7 28. Kb2 Ra8 29. Bd3 Ra7 30. Kb3 Rb7 31. Rhh1 Bc8 32. Re2 Rf6 33. Ra1 e5 34.
dxe6 Bxe6+ 35. Kb2 Kf7 36. Ra5 Bc4 37. Bxc4+ bxc4 38. Rd5 h5 39. Rd4 Rc7 40.
Red2 Rc6 41. Re2 Rh6 42. Rd5 Rf6 43. b5 Rc8 44. Ka3 Kg6 45. Kb4 Kg5 46. b6 Rb8
47. Kb5 Kf4 48. Kc6 h4 49. b7 Rf7 50. Rb2 h3 51. gxh3 Kxf3 52. Rxd6 f4 53. Rd7
Rff8 54. Re7 Kg3 55. Rg7+ Kxh3 56. Rb1 Kh2 57. Rb5 Rh8 58. Rf5 Rh3 59. Rxf4
Rxc3 60. Rh4+ 1-0

[Event "UKR-ch U20"]
[Site "Kramatorsk"]
[Date "2002.03.??"]
[Round "13"]
[White "Karjakin, Sergey"]
[Black "Areshchenko, Alexander"]
[Result "0-1"]
[WhiteElo "2460"]
[BlackElo "2470"]
[PlyCount "80"]
[EventDate "2002.03.??"]
[EventType "tourn"]
[EventRounds "13"]
[EventCountry "UKR"]
[EventCategory "4"]
[SourceTitle "EXT 2003"]
[Source "ChessBase"]
[SourceDate "2002.11.25"]
[SourceVersion "1"]
[SourceVersionDate "2002.11.25"]
[SourceQuality "1"]

1. e4 c5 2. Nf3 d6 3. d4 cxd4 4. Nxd4 Nf6 5. Nc3 a6 6. Be2 e5 7. Nb3 Be7 8. Be3
Be6 9. O-O O-O 10. Qd3 Nbd7 11. Nd5 Bxd5 12. exd5 Re8 13. a4 Rc8 14. a5 Bf8 15.
c4 g6 16. Nd2 e4 17. Qa3 Ne5 18. b4 Nfg4 19. Bf4 f5 20. Rac1 g5 21. Bxe5 Nxe5
22. Rfd1 g4 23. Nb3 Bh6 24. Rc3 f4 25. Bf1 e3 26. Nd4 exf2+ 27. Kxf2 g3+ 28.
hxg3 Ng4+ 29. Kg1 fxg3 30. Nf5 Qg5 31. Rd4 Ne3 32. Rxe3 Rxe3 33. Rg4 Rxa3 34.
Nxh6+ Kg7 35. Rxg5+ Kxh6 36. Rf5 Ra1 37. Rf6+ Kg5 38. Rf3 Rxc4 39. Rxg3+ Rg4
40. Rf3 Rf4 0-1

[Event "WICC qual Dubai 25'+10"]
[Site "FIDE.com"]
[Date "2002.03.01"]
[Round "1"]
[White "Korensky, Sergey"]
[Black "Karjakin, Sergey"]
[Result "0-1"]
[WhiteElo "2233"]
[BlackElo "2460"]
[PlyCount "54"]
[EventDate "2002.03.01"]
[EventType "swiss"]
[EventRounds "9"]
[EventCountry "UAE"]
[SourceTitle "EXT 2003"]
[Source "ChessBase"]
[SourceDate "2002.11.25"]
[SourceVersion "1"]
[SourceVersionDate "2002.11.25"]
[SourceQuality "1"]

1. e4 c5 2. Nf3 d6 3. d4 cxd4 4. Nxd4 Nf6 5. Nc3 a6 6. Be2 e5 7. Nb3 Be7 8. O-O
O-O 9. Kh1 b6 10. Bg5 Nbd7 11. Bc4 Bb7 12. Bxf6 Nxf6 13. f3 Rc8 14. Bd5 Nxd5
15. exd5 Bg5 16. Qd3 f5 17. a4 Qf6 18. Rae1 Qh6 19. g3 Rce8 20. f4 exf4 21.
Rxe8 Rxe8 22. Qxf5 Bc8 23. Qd3 Re3 24. Qc4 Bh3 25. gxf4 Bxf4 26. Rg1 Bg2+ 27.
Kxg2 Qh3+ 0-1

[Event "WICC qual Dubai 25'+10"]
[Site "FIDE.com"]
[Date "2002.03.02"]
[Round "2"]
[White "Karjakin, Sergey"]
[Black "Chepukaitis, Genrikh"]
[Result "1-0"]
[WhiteElo "2460"]
[BlackElo "2402"]
[PlyCount "101"]
[EventDate "2002.03.01"]
[EventType "swiss"]
[EventRounds "9"]
[EventCountry "UAE"]
[SourceTitle "EXT 2003"]
[Source "ChessBase"]
[SourceDate "2002.11.25"]
[SourceVersion "1"]
[SourceVersionDate "2002.11.25"]
[SourceQuality "1"]

1. e4 g6 2. d4 Bg7 3. Nc3 d6 4. f4 a6 5. Nf3 b5 6. Bd3 Nd7 7. e5 Bb7 8. O-O c5
9. exd6 cxd4 10. Ne4 e6 11. a4 b4 12. Qe1 Rb8 13. Neg5 Bxf3 14. Rxf3 Nc5 15. f5
Qxd6 16. fxe6 fxe6 17. Bf4 e5 18. Nf7 Qe7 19. Bxe5 Bxe5 20. Nxe5 Nxd3 21. cxd3
Nh6 22. Nc6 Qxe1+ 23. Rxe1+ Kd7 24. Nxb8+ Rxb8 25. Rh3 Nf5 26. Rxh7+ Kd6 27.
Ra7 Rb6 28. Rc1 Ke5 29. g3 Kf6 30. Rac7 Kg5 31. R7c6 Rb8 32. Rxa6 Re8 33. Rac6
b3 34. Rb6 Re2 35. Rxb3 Kg4 36. Rb8 Ne3 37. Rf8 Rg2+ 38. Kh1 g5 39. Rc4 Rxb2
40. Rxd4+ Kh5 41. h4 Rb1+ 42. Kh2 Rb2+ 43. Kg1 Rg2+ 44. Kh1 Rxg3 45. Rh8+ Kg6
46. Rg8+ Kf6 47. Rxg5 Rf3 48. a5 Rf1+ 49. Kh2 Nf5 50. Rxf5+ Rxf5 51. Ra4 1-0

[Event "WICC qual Dubai 25'+10"]
[Site "FIDE.com"]
[Date "2002.03.03"]
[Round "3"]
[White "Capezza, Marco"]
[Black "Karjakin, Sergey"]
[Result "0-1"]
[WhiteElo "2125"]
[BlackElo "2460"]
[PlyCount "160"]
[EventDate "2002.03.01"]
[EventType "swiss"]
[EventRounds "9"]
[EventCountry "UAE"]
[SourceTitle "EXT 2003"]
[Source "ChessBase"]
[SourceDate "2002.11.25"]
[SourceVersion "1"]
[SourceVersionDate "2002.11.25"]
[SourceQuality "1"]

1. e4 e5 2. Nf3 Nc6 3. d4 exd4 4. Nxd4 Nf6 5. Nxc6 bxc6 6. e5 Qe7 7. Qe2 Nd5 8.
c4 Nb6 9. b3 g6 10. g3 Bg7 11. f4 d6 12. Bg2 Bb7 13. O-O O-O 14. Bb2 Rfe8 15.
Nd2 f6 16. Rae1 fxe5 17. fxe5 Nd7 18. Nf3 Nxe5 19. Nxe5 dxe5 20. Qe3 a5 21. Bd4
a4 22. Bc5 Bh6 23. Qf2 Qe6 24. Qc2 axb3 25. axb3 Bf8 26. Bxf8 Rxf8 27. Rxf8+
Rxf8 28. Qe2 Re8 29. Qe3 Bc8 30. c5 Ba6 31. Qc3 Bb5 32. h3 Qf5 33. Re4 Qg5 34.
h4 Qf5 35. Qe3 Kg7 36. Kh2 Qf6 37. b4 Qe6 38. h5 gxh5 39. Qg5+ Kh8 40. Qxh5 Bd3
41. Rh4 Bg6 42. Qh6 e4 43. Rf4 Qe7 44. Rf1 Qg7 45. Qe3 Qb2 46. Rd1 Qe5 47. Kg1
Bf7 48. Rf1 Bd5 49. Kh2 Rb8 50. Qh6 Rg8 51. Qe3 Qh5+ 52. Bh3 Qe5 53. Bg2 Ra8
54. Qh6 Qg7 55. Qf4 Re8 56. Qe3 Re6 57. Rf4 Qe5 58. Rh4 Kg7 59. Rg4+ Kf8 60.
Rf4+ Ke8 61. Rh4 Qg7 62. Rh5 Re5 63. Rh6 Re7 64. Rh4 Qb2 65. Rh5 Rf7 66. Kh3
Rf2 67. Bxe4 Re2 68. Bg6+ Kd8 69. Qg5+ Kc8 70. Bf5+ Kb7 71. Kg4 Re8 72. Qf4
Rg8+ 73. Rg5 Qe2+ 74. Kh3 h6 75. Rxg8 Qh5+ 76. Qh4 Qxf5+ 77. Qg4 Qf1+ 78. Kh4
Qh1+ 79. Qh3 Qxh3+ 80. Kxh3 Bxg8 0-1

[Event "WICC qual Dubai 25'+10"]
[Site "FIDE.com"]
[Date "2002.03.06"]
[Round "5"]
[White "Karjakin, Sergey"]
[Black "Mitin, Andrej"]
[Result "1-0"]
[WhiteElo "2460"]
[BlackElo "2271"]
[PlyCount "93"]
[EventDate "2002.03.01"]
[EventType "swiss"]
[EventRounds "9"]
[EventCountry "UAE"]
[SourceTitle "EXT 2003"]
[Source "ChessBase"]
[SourceDate "2002.11.25"]
[SourceVersion "1"]
[SourceVersionDate "2002.11.25"]
[SourceQuality "1"]

1. e4 c5 2. Nf3 d6 3. d4 cxd4 4. Nxd4 Nf6 5. Nc3 a6 6. Be2 e6 7. O-O Be7 8. a4
O-O 9. f4 Qc7 10. Kh1 Nc6 11. Be3 Bd7 12. Nb3 b6 13. Bf3 Rab8 14. Qe2 Nb4 15.
a5 b5 16. Rad1 Rfc8 17. Bb6 Qc4 18. Qd2 Be8 19. Ba7 Ra8 20. Bd4 Nc6 21. Qf2 Nd7
22. Be2 Qb4 23. Na2 Qa4 24. Nc3 Qb4 25. Qg3 Bf6 26. Bxf6 Nxf6 27. Bf3 Ra7 28.
e5 dxe5 29. fxe5 Nd7 30. Bxc6 Rxc6 31. Rd4 Rc4 32. Rd6 Rcc7 33. Rfd1 h6 34. Kg1
Kf8 35. R1d3 Kg8 36. h3 Kf8 37. Kh2 Kg8 38. R3d4 Rc4 39. Ne4 Kh8 40. Nf6 gxf6
41. c3 Rxd4 42. cxb4 Rxd6 43. exd6 Ra8 44. Qf3 Ra7 45. Qc6 Kg8 46. Qc8 Kf8 47.
Qd8 1-0

[Event "WICC qual Dubai 25'+10"]
[Site "FIDE.com"]
[Date "2002.03.07"]
[Round "6"]
[White "Karjakin, Sergey"]
[Black "Singh, Sandhu Rajkamal"]
[Result "1-0"]
[WhiteElo "2460"]
[BlackElo "2050"]
[PlyCount "83"]
[EventDate "2002.03.01"]
[EventType "swiss"]
[EventRounds "9"]
[EventCountry "UAE"]
[SourceTitle "EXT 2003"]
[Source "ChessBase"]
[SourceDate "2002.11.25"]
[SourceVersion "1"]
[SourceVersionDate "2002.11.25"]
[SourceQuality "1"]

1. e4 e5 2. Nf3 Nf6 3. Nxe5 d6 4. Nf3 Nxe4 5. d4 d5 6. Bd3 Nc6 7. O-O Be7 8. c4
Nb4 9. Be2 O-O 10. Nc3 Bf5 11. a3 Nxc3 12. bxc3 Nc6 13. cxd5 Qxd5 14. Re1 Bf6
15. Bf4 Na5 16. Qa4 b6 17. Rad1 Be6 18. Bd3 c6 19. c4 Qh5 20. Qc2 b5 21. cxb5
cxb5 22. Qc5 Qxc5 23. dxc5 Nc4 24. a4 Nb2 25. axb5 Nxd1 26. Rxd1 Rfd8 27. Bd6
Rac8 28. Kf1 g6 29. Be2 Re8 30. Nd4 Bd5 31. Nc6 Bxc6 32. bxc6 Rxc6 33. Bb5 Rec8
34. Bxc6 Rxc6 35. Ke2 Bg7 36. Kd3 Bf8 37. Ke4 Ra6 38. Rd2 Bh6 39. Rc2 f5+ 40.
Kd5 Kf7 41. c6 Ra5+ 42. Kc4 1-0

[Event "WICC qual Dubai 25'+10"]
[Site "FIDE.com"]
[Date "2002.03.09"]
[Round "8"]
[White "Karjakin, Sergey"]
[Black "Novik, Maxim"]
[Result "1/2-1/2"]
[WhiteElo "2460"]
[BlackElo "2466"]
[PlyCount "29"]
[EventDate "2002.03.01"]
[EventType "swiss"]
[EventRounds "9"]
[EventCountry "UAE"]
[SourceTitle "EXT 2003"]
[Source "ChessBase"]
[SourceDate "2002.11.25"]
[SourceVersion "1"]
[SourceVersionDate "2002.11.25"]
[SourceQuality "1"]

1. e4 e6 2. d4 d5 3. Nc3 Bb4 4. e5 c5 5. a3 Bxc3+ 6. bxc3 Ne7 7. Qg4 Kf8 8. a4
b6 9. Bd3 Ba6 10. Nf3 Bxd3 11. cxd3 cxd4 12. cxd4 Nbc6 13. O-O h6 14. Be3 Rc8
15. Rfc1 1/2-1/2

[Event "WICC qual Dubai 25'+10"]
[Site "FIDE.com"]
[Date "2002.03.11"]
[Round "9"]
[White "Sulypa, Oleksandr"]
[Black "Karjakin, Sergey"]
[Result "0-1"]
[WhiteElo "2513"]
[BlackElo "2460"]
[PlyCount "100"]
[EventDate "2002.03.01"]
[EventType "swiss"]
[EventRounds "9"]
[EventCountry "UAE"]
[SourceTitle "EXT 2003"]
[Source "ChessBase"]
[SourceDate "2002.11.25"]
[SourceVersion "1"]
[SourceVersionDate "2002.11.25"]
[SourceQuality "1"]

1. d4 Nf6 2. c4 g6 3. Nc3 d5 4. Nf3 Bg7 5. Qb3 dxc4 6. Qxc4 O-O 7. e4 a6 8. e5
Nfd7 9. h4 Nb6 10. Qc5 Bg4 11. Be3 N8d7 12. Qa3 h5 13. Ng5 Nb8 14. f3 Bf5 15.
Be2 Nd5 16. Nxd5 Qxd5 17. O-O-O Qc6+ 18. Qc3 Bh6 19. Rhg1 b5 20. f4 Bxg5 21.
hxg5 Qd5 22. b3 Nc6 23. Kb2 Rfd8 24. g3 Qe4 25. Rge1 Qg2 26. Ka1 e6 27. d5 Rxd5
28. Rxd5 Qxd5 29. Rc1 Be4 30. Rd1 b4 31. Qc1 Qa5 32. Rd7 Rd8 33. Rxd8+ Nxd8 34.
Qc4 Bb7 35. Bc5 Nc6 36. Kb1 Kg7 37. Bd3 Kh7 38. Bf1 Kg7 39. Be2 Kg8 40. Bd3 Kh7
41. Bf1 Kg7 42. Be2 Kg8 43. g4 h4 44. Bf1 Kg7 45. Bh3 Kh7 46. Ka1 Qa3 47. Kb1
Qa5 48. Bf1 Kg7 49. Qc2 Nb8 50. Be7 Qb6 0-1